Регионална библиотека "Любен Каравелов" - Русе

Големите машини (Запис номер 190351)

MARC детайли
000 -Лидер
Контролно поле с фиксирана дължина 02279nam a2200565 c 4500
003 - Код на организацията, давaща контролен номер
Контролно поле BLK
005 - Дата и час на последна редакция
Контролно поле 20250730120512.0
008 - Елементи от данни с фиксирана дължина
fixed length control field 180411b bul|||||r ||||||| ||bul||
010 ## - Наследен системен номер
LC control number KNG00199486000
020 ## - Международен стандартен номер на книга ISBN
Международен стандартен номер на книга ISBN 978-954-625-964-6
-- издат.: Фют
040 ## - Източник на каталожния запис
Идентификатор на билиотеката - собственик на записа BLK
041 ## - Код за език
Код за езика на текст/звукозапис или на отделно заглавие Български
Код за езика КДБФ Български
072 #7 - Код за тематичната категория
Код организация bullib
Код за тематична категория Н86
Текст Детска отраслова литература Н
080 ## - УДК
Текстов определител УДК Техника на транспортните средства
УДК код - определител по УДК 629
УДК определител (02.053.2)
УДК - код + определител 629(02.053.2)
100 1# - Редна дума - Автор
Автор Грийн, Род
Авторска отговорност първи автор
R(LIN) 299599
139 ## - Редно поле
Редна дума Грийн, Род
Авторски знак Григ - Г 82
245 10 - Сведения за заглавието
Заглавие Големите машини
Редно поле (дума) Род Грийн; ил. Стифън Биести; прев. Антон Златаров Татаров.
257 ## - Страна на издаване
Страна на създаване/издаване България
260 ## - Област на издателските данни
-- София
Име на издателя, разпространителя и проч. Фют
Година на издаване 2016
Печатница отпеч. в Малайзия
300 ## - Физическа характеристика
Страници 16 с.
Илюстрации и др. с цв. ил.
Размери/Мащаб 23Х31 см
380 ## - Жанр
Жанр Детска отраслова лит.
500 ## - Общи забележки
Забележка Кор. опис. - Ориг. загл. Giant Vehicles. - Сведения за авт. отговорност отбелязани в изд. каре. - Кн. отпеч. на ламиниран картон.
650 #4 - Допълнително описание по предмет – тема
Основно описание – тема или топоним Транспорт
9 (RLIN) 173907
650 #4 - Допълнително описание по предмет – тема
Основно описание – тема или топоним Машини
9 (RLIN) 161476
650 #4 - Допълнително описание по предмет – тема
Основно описание – тема или топоним Кораби
9 (RLIN) 159349
650 #4 - Допълнително описание по предмет – тема
Основно описание – тема или топоним Самолети
9 (RLIN) 170161
650 #4 - Допълнително описание по предмет – тема
Основно описание – тема или топоним Влакове
9 (RLIN) 150914
650 #4 - Допълнително описание по предмет – тема
Основно описание – тема или топоним Космически летателни апарати
9 (RLIN) 278658
650 #4 - Допълнително описание по предмет – тема
Основно описание – тема или топоним Подводници
9 (RLIN) 166609
653 ## - Ключова дума – ненормативна
Ключова дума влакове
653 ## - Ключова дума – ненормативна
Ключова дума самолети
653 ## - Ключова дума – ненормативна
Ключова дума ракети
653 ## - Ключова дума – ненормативна
Ключова дума космически кораби
653 ## - Ключова дума – ненормативна
Ключова дума хеликоптери
653 ## - Ключова дума – ненормативна
Ключова дума кораби
653 ## - Ключова дума – ненормативна
Ключова дума подводници
653 ## - Ключова дума – ненормативна
Ключова дума камиони
653 ## - Ключова дума – ненормативна
Ключова дума транспорт
653 ## - Ключова дума – ненормативна
Ключова дума литература за деца
653 ## - Ключова дума – ненормативна
Ключова дума детска литература
659 ## - Тематичен бюлетин
Тематичен бюлетин Н
700 1# - Други автори (авторска отговорност)
Лично име Биести, Стифън
Автороска отговорност (Описва отношението между автора и произведението) ил.
9 (RLIN) 38962
700 1# - Други автори (авторска отговорност)
Лично име Татаров, Антон Златаров
Автороска отговорност (Описва отношението между автора и произведението) прев.
9 (RLIN) 382674
852 ## - Местоположение
Форматна сигнатура Цб 284172
856 4# - Електронен адрес и достъп
Електронен формат pdf - файл
Път до файла /url/
856 4# - Електронен адрес и достъп
Електронен формат pdf - файл
Път до файла /url/
942 ## - АРТИКУЛИ
Вид на библиотечния материал Книги
Скрит в OPAC Не
Koha issues (borrowed), all copies 24
944 ## - СЪЗДАВАНЕ И РЕДАКЦИЯ на ЗАПИСА
Създаване/Редакция Създаване
Дата на регистрацията/редакция 30.01.2017
Статус, дата на статуса Анна Гръцманова
Служител, извършил регистрацията/редакцията 30564
944 ## - СЪЗДАВАНЕ И РЕДАКЦИЯ на ЗАПИСА
Създаване/Редакция Редакция
Дата на регистрацията/редакция 13.02.2017
Статус, дата на статуса ф /
Служител, извършил регистрацията/редакцията Людмила_Стоянова
999 ## - СИСТЕМНИ КОНТРОЛНИ НОМЕРА
Koha biblionumber 190351
Koha biblioitemnumber 190351
Наличности
Код за отписване Код за изгубен артикул Код за повреда Коз за рестрикции Код за отдаване Артикулен № Име на библиотеката - собственик Име на библиотеката, в която се намира в момента Статус (Текущо местоположение) Дата на вписване в системата Местоположение - отдел Цена в лева Инвентарен номер Систематично азбучна сигнатура Баркод Номер на екземпляра Цена в евро Служебна бележка Служебен тип на артикула
  Не е изгубен Не е повреден без рестрикции заемане за дома 334911 Регионална библиотека "Любен Каравелов" Русе Регионална библиотека "Любен Каравелов" Русе Детски отдел 2017-01-27 Детски отдел 19.90 120000808104 ДН 629/Г 82 120000808104 1 10.17 Дост: Pk Вид: Ф N: 481 Дата: 27.01.2017 Книги
Vip Innovations Ltd, Rousse, Bulgaria 2025